| 000 | 00349nam a2200133Ia 4500 | ||
|---|---|---|---|
| 008 | 240624s9999 xx 000 0 und d | ||
| 041 | _aeng | ||
| 082 | _a658.81 MAE | ||
| 100 | _aMAES PATRICK | ||
| 245 | _aDISRUPTIVE SELLING A NEW APPROACH TO SAL | ||
| 260 |
_c2016 _aBelgium _bLannooCampus Publishers |
||
| 300 | _a221 p.; 23 cm. | ||
| 365 |
_c _b38 |
||
| 999 |
_c31555 _d31555 |
||